El desafío empresario en la decada del ´90 (Registro nro. 18040)
[ vista simple ]
| 000 -LEADER | |
|---|---|
| fixed length control field | 00337 a2200109 4500 |
| 001 - CONTROL NUMBER | |
| control field | ART_12795 |
| 005 - DATE AND TIME OF LATEST TRANSACTION | |
| control field | 20260410161733.0 |
| 008 - FIXED-LENGTH DATA ELEMENTS--GENERAL INFORMATION | |
| fixed length control field | 260409a |
| 100 1# - MAIN ENTRY--PERSONAL NAME | |
| Personal name | Hermida, Jorge Alfredo |
| 245 10 - TITLE STATEMENT | |
| Title | El desafío empresario en la decada del ´90 |
| 773 0# - HOST ITEM ENTRY | |
| Title | Ejecutivos de finanzas |
| Related parts | - Año 7, Nº 60 (oct. 1989) |
| Record control number | REV2863 |
No hay ítems disponibles.